000
00299nam a2200145Ia 4500
100
_a
Mitchell/ Will David
942
_c
RB
654
_a
JAVA
245
_a
Debugging JAVA
260
_b
Tata Mc Graw hill
_c
2000
082
_a
005.133'J'
_b
MIT
300
_a
461
546
_a
ENGLISH
999
_c
34264
_d
34264